| 000 | 00613nam a2200193Ia 4500 | ||
|---|---|---|---|
| 008 | 190412s9999 xx 000 0 und d | ||
| 100 | _aJack Bao, Maureen O'Hara, & Xing (Alex) Zhou | ||
| 245 | 4 | _aThe volcker rule and corporate bond market making in times of stress / | |
| 245 | _cJack Bao, Maureen O'Hara, & Xing (Alex) Zhou | ||
| 260 | _belsevier | ||
| 260 | _c2018 | ||
| 300 | _apages 95-113, October 2018 | ||
| 440 |
_aJournal of Financial Economics _v130 (1) |
||
| 650 | _aCorporate Bond Illiquidity | ||
| 650 | _aFINANCE | ||
| 650 | _aRegulation | ||
| 650 | _aVolcker Rule | ||
| 942 |
_2lcc _cSE |
||
| 999 |
_c361391 _d361391 |
||